000 01119cam a22003257a 4500
999 _c57493
_d57493
001 17054448
005 20221107151717.0
008 111122s2012 enka bf 001 0 eng d
010 _a 2011944056
015 _aGBB1B2700
_2bnb
016 7 _a015898899
_2Uk
020 _a9780198529880 (pbk.) X
020 _a0198529880 (pbk.) X
041 _aeng
082 0 4 _a614.4
_223
245 0 0 _aOxford handbook of epidemiology for clinicians /
_cby Helen Ward ... [et al.].
246 3 0 _aEpidemiology for clinicians
260 _aOxford :
_bOxford University Press,
_c2012.
300 _axxviii, 388 p. :
_bill. ;
_c18 cm.
650 7 _aEpidemiology.
_2fast
_98680
653 _aეპიდემიოლოგია
653 _aსახელმძღვანელო
653 _aმედიცინა
700 1 _aWard, Helen,
_d1957-
_98851
_eავტორი
700 1 _aToledano, M. B.
_eავტორი
_98852
700 1 _aShaddick, G.
_eავტორი
_98853
700 1 _aDavies, B.
_eავტორი
_98854
700 1 _aElliot, P.
_eავტორი
_98855
942 _2udc
_cBK